| 000 | 00755 a2200181 4500 | ||
|---|---|---|---|
| 003 | Nust | ||
| 005 | 20170207153550.0 | ||
| 040 | _cNust | ||
| 082 | _a621.382 | ||
| 100 | _aZubair, Naveed (MSEE-9) | ||
| 245 |
_aAdapative and predictive downlink resource management in next generation CDMA networks _cNaveed Zubair |
||
| 260 |
_bMCS,NUST _cMarch 2007 _aRawalpindi |
||
| 300 | _axi, 57, p; | ||
| 505 | _aIntroduction to the thesis (page-1) Mobile communication and basic components of CDMA technology (page-4) CDMA 2000-detailed description (page-16) Resource management in next generation CDMA networks (page-39) Overall guard capacity adaptation (page-46) Conclusion (page-53). | ||
| 538 | _aAlmirah no 69 shelf no.3 | ||
| 650 | _aMS Thesis | ||
| 651 | _aMSEE-9 | ||
| 942 | _cTHS | ||
| 999 |
_c188799 _d188799 |
||